Traduction héros Grecs de l'Iliade - Statistiques

Statistiques générales
  • Ce quiz a été pris 13 fois
  • Le résultat moyen est 7 sur 12
Statistiques - réponses
Héros achéens Traduction en français % Correct
Μενέλαος Ménélas
100%
Ἀγαμέμνων Agamemnon
92%
Ἀχιλλεύς Achille
83%
Πάτροκλος Patrocle
83%
Νέστωρ Nestor
75%
Ὀδυσσεύς Ulysse
67%
Διομήδης Diomède
50%
Αἴας ὁ Τελαμώνιος Ajax le Grand
42%
Σθένελος Sthénélos
25%
Ἀντίλοχος Antiloque
17%
Αἴας ὁ Οἰλέος Ajax le Rapide
8%
Ἰδομενεύς Idoménée
8%
Aucun quiz correspondant
Distribution des résultats
% des personnes avec chaque résultat
Percentile par nombre de réponses
Votre historique - résultats
Vous n’avez pas pris ce quiz